Killer whale vs. great white shark / (Record no. 223529)
[ view plain ]
| 000 -LEADER | |
|---|---|
| fixed length control field | 01421nam a2200385 i 4500 |
| 001 - CONTROL NUMBER | |
| control field | BK0017285646 |
| 005 - DATE AND TIME OF LATEST TRANSACTION | |
| control field | 20170707152455.0 |
| 008 - FIXED-LENGTH DATA ELEMENTS--GENERAL INFORMATION | |
| fixed length control field | 151222s2009 nyua j 000 0 eng d |
| 010 ## - LIBRARY OF CONGRESS CONTROL NUMBER | |
| LC control number | bl2015056801 |
| 020 ## - INTERNATIONAL STANDARD BOOK NUMBER | |
| International Standard Book Number | 9780545160759 : PAP |
| Terms of availability | 3.99 |
| 020 ## - INTERNATIONAL STANDARD BOOK NUMBER | |
| International Standard Book Number | 0545160758 : PAP |
| Terms of availability | 3.99 |
| Qualifying information | pbk. |
| 037 ## - SOURCE OF ACQUISITION | |
| Source of stock number/acquisition | Scholastic, Po Box 7502, Jefferson City, MO, USA, 65102 |
| Note | SAN 860-0023 |
| 040 ## - CATALOGING SOURCE | |
| Original cataloging agency | NjBwBT |
| Language of cataloging | eng |
| Transcribing agency | NjBwBT |
| Description conventions | rda |
| 050 14 - LIBRARY OF CONGRESS CALL NUMBER | |
| Classification number | QL737.C432 |
| Item number | P33 2009 |
| 082 04 - DEWEY DECIMAL CLASSIFICATION NUMBER | |
| Classification number | 599.53/6 |
| Edition number | 23 |
| 092 ## - LOCALLY ASSIGNED DEWEY CALL NUMBER (OCLC) | |
| Classification number | 599.5360 |
| 100 1# - MAIN ENTRY--PERSONAL NAME | |
| Personal name | Pallotta, Jerry, |
| Relator term | author. |
| 245 10 - TITLE STATEMENT | |
| Title | Killer whale vs. great white shark / |
| Statement of responsibility, etc | by Jerry Pallotta ; illustrated by Rob Bolster. |
| 246 3# - VARYING FORM OF TITLE | |
| Title proper/short title | Killer whale versus great white shark |
| 264 #1 - Production, Publication, Distribution, Manufacture, and Copyright Notice. | |
| Place of production, publication, distribution, manufacture | New York : |
| Name of producer, publisher, distributor, manufacturer | Scholastic Inc., |
| Date of production, publication, distribution, manufacture, or copyr | [2009] |
| 300 ## - PHYSICAL DESCRIPTION | |
| Extent | 32 pages : |
| Other physical details | color illustrations ; |
| Dimensions | 23 cm. |
| 336 ## - Content Type | |
| Content type term | text |
| 336 ## - Content Type | |
| Content type term | still image |
| 337 ## - Media type | |
| Media type term | unmediated |
| 338 ## - Carrier type | |
| Carrier type term | volume |
| 490 1# - SERIES STATEMENT | |
| Series statement | Who would win? |
| 520 ## - SUMMARY, ETC. | |
| Summary, etc | Shares facts about killer whales and great white sharks, comparing their behavior and physical characteristics to determine which would win in a fight. |
| 650 #0 - SUBJECT ADDED ENTRY--TOPICAL TERM | |
| Topical term or geographic name as entry element | Killer whale |
| Form subdivision | Juvenile literature. |
| 650 #0 - SUBJECT ADDED ENTRY--TOPICAL TERM | |
| Topical term or geographic name as entry element | White shark |
| Form subdivision | Juvenile literature. |
| 650 #1 - SUBJECT ADDED ENTRY--TOPICAL TERM | |
| Topical term or geographic name as entry element | Killer whale. |
| 650 #1 - SUBJECT ADDED ENTRY--TOPICAL TERM | |
| Topical term or geographic name as entry element | White shark. |
| 650 #1 - SUBJECT ADDED ENTRY--TOPICAL TERM | |
| Topical term or geographic name as entry element | Whales. |
| 650 #1 - SUBJECT ADDED ENTRY--TOPICAL TERM | |
| Topical term or geographic name as entry element | Sharks. |
| 700 1# - ADDED ENTRY--PERSONAL NAME | |
| Personal name | Bolster, Rob, |
| Relator term | illustrator. |
| 800 1# - SERIES ADDED ENTRY--PERSONAL NAME | |
| Personal name | Pallotta, Jerry. |
| Title of a work | Who would win? |
| Withdrawn status | Lost status | Source of classification or shelving scheme | Damaged status | Not for loan | Collection code | Home library | Current library | Shelving location | Date acquired | Source of acquisition | Total Checkouts | Total Renewals | Full call number | Barcode | Date last seen | Date checked out | Cost, replacement price | Price effective from | Koha item type |
|---|---|---|---|---|---|---|---|---|---|---|---|---|---|---|---|---|---|---|---|
| Dewey Decimal Classification | Junior NonFiction | Wasatch County Library | Wasatch County Library | Second Floor | 11/21/2023 | KidsReference | 12 | 10 | J 599 Pallotta | 34301002057182 | 02/13/2026 | 02/10/2026 | 22.95 | 11/21/2023 | BOOK |
